| 000 | 00743cam a22002413a 4500 | ||
|---|---|---|---|
| 001 | 15757 | ||
| 003 | PGUSA | ||
| 005 | 20140828083334.0 | ||
| 008 | 050503s2005||||xxu|||||s|||||000 | eng d | ||
| 040 |
_aPGUSA _beng |
||
| 042 | _adc | ||
| 050 | 4 | _aDS | |
| 050 | 4 | _aPL | |
| 100 | 1 |
_aPardo de Tavera, T. H. _q(Trinidad Hermenegildo), _d1857-1925 |
|
| 245 | 1 | 0 |
_aConsideraciones Sobre el Origen del Nombre de los NĂºmeros en Tagalog _h[electronic resource] / _cT. H. Pardo de Tavera |
| 260 |
_bProject Gutenberg, _c2005 |
||
| 506 | _aPublic domain in the USA. | ||
| 516 | _aElectronic text | ||
| 653 | _aTagalog language -- Numerals | ||
| 830 | 0 |
_aProject Gutenberg _v15757 |
|
| 856 | 4 | 0 | _uhttp://www.gutenberg.org/ebooks/15757 |
| 942 | _cEB | ||
| 999 |
_c245012 _d245012 |
||